00161nam a2200073Ia 4500008004100000040001900041041001200060245001500072131103s9999 xx 000 0 und d aLoreto College aEnglish afhgjhjlklk